43熊本県の市区町村 - Statistics

General Stats
  • This quiz has been taken 93 times
    88 since last reset
  • The average score is 31 of 49
Answer Stats
Answer % Correct
八代市
95%
天草市
95%
水俣市
89%
玉名市
89%
阿蘇市
89%
熊本市中央区
84%
宇土市
84%
熊本市東区
82%
熊本市西区
82%
熊本市南区
82%
宇城市
82%
熊本市北区
80%
人吉市
77%
菊池市
77%
上天草市
77%
荒尾市
75%
山鹿市
73%
阿蘇郡南阿蘇村
66%
合志市
64%
阿蘇郡高森町
63%
阿蘇郡小国町
61%
菊池郡大津町
57%
菊池郡菊陽町
57%
阿蘇郡南小国町
57%
上益城郡益城町
57%
球磨郡球磨村
57%
上益城郡嘉島町
55%
球磨郡あさぎり町
55%
阿蘇郡産山村
52%
上益城郡山都町
52%
天草郡苓北町
52%
玉名郡玉東町
50%
玉名郡長洲町
50%
上益城郡御船町
50%
球磨郡水上村
50%
球磨郡五木村
50%
下益城郡美里町
48%
阿蘇郡西原村
48%
球磨郡多良木町
48%
球磨郡相良村
48%
玉名郡和水町
46%
上益城郡甲佐町
46%
球磨郡湯前町
46%
玉名郡南関町
45%
八代郡氷川町
45%
葦北郡芦北町
45%
球磨郡山江村
43%
葦北郡津奈木町
41%
球磨郡錦町
41%
No matching quizzes found
Score Distribution
Percent of People with Each Score
Percentile by Number Answered
Your Score History
You have not taken this quiz since the last reset